<?xml version="1.0" encoding="UTF-8"?>
<marc:record xmlns:marc="http://www.loc.gov/MARC21/slim">
   <marc:leader>00000nam a2200000 a 4500</marc:leader>
   <marc:datafield ind1="0" ind2="0" tag="245">
      <marc:subfield code="a">Bibi Blocksberg: Der Hexenbaum [Bildtonträger]</marc:subfield>
   </marc:datafield>
   <marc:datafield ind1="0" ind2="0" tag="245">
      <marc:subfield code="b">die Computerhexe</marc:subfield>
   </marc:datafield>
   <marc:datafield ind1=" " ind2="1" tag="264">
      <marc:subfield code="b">Kiddinx Entertainment GmbH</marc:subfield>
      <marc:subfield code="c">2009</marc:subfield>
   </marc:datafield>
   <marc:datafield ind1="1" ind2=" " tag="520">
      <marc:subfield code="a">Die junge Hexe Bibi Blocksberg lebt mir ihren Eltern im kleinen Städtchen Neustadt. Als Hilfsmittel zum Fliegen dient ihr der Besen "Kartoffelbrei". In ihrem jugendlichen Leichtsinn denkt sie sich allerhand Streiche mit den Bewohnern von Neustadt, darunter der Bürgermeister oder der Schuldirektor, aus. Außerdem ist sie sehr kreativ im Erfinden neuer Zaubersprüche, die aber selten den gewünschten Erfolg haben. Zum Glück ist ihre Mutter Barbara ebenfalls eine Hexe und kann alles wieder zurecht biegen.</marc:subfield>
   </marc:datafield>
   <marc:datafield ind1=" " ind2=" " tag="020">
      <marc:subfield code="a">4001504302122</marc:subfield>
      <marc:subfield code="9">4001504302122</marc:subfield>
   </marc:datafield>
   <marc:datafield ind1=" " ind2=" " tag="500">
      <marc:subfield code="a">Orig. : 2007. Sprache: Deutsch (Dolby Digital 5.0)</marc:subfield>
   </marc:datafield>
   <marc:datafield ind1="0" ind2=" " tag="490">
      <marc:subfield code="v">0</marc:subfield>
   </marc:datafield>
   <marc:datafield ind1=" " ind2=" " tag="300">
      <marc:subfield code="a">1 DVD (55 Min.) : farbig</marc:subfield>
   </marc:datafield>
</marc:record>
